| 000 | 00856nam a22002177a 4500 | ||
|---|---|---|---|
| 999 |
_c3885 _d3885 |
||
| 003 | AR-CdUCM | ||
| 008 | 190307b ||||| |||| 00| 0 spa d | ||
| 040 |
_aMUNICIPALIDAD PROVINCIAL DEL CUSCO _cBIBLIOTECA MUNICIPAL DEL CUSCO |
||
| 082 |
_a869.4 / _bR74 |
||
| 100 |
_aRodríguez, José María _912482 |
||
| 245 | _aPoetas y bufones: polémica: Vasconcelos-Chocano, el asesinato de Edwin Elmore. | ||
| 260 |
_aMadrid : _bAgencia Mundial de Libreria. |
||
| 300 |
_a177 páginas ; _c17 cm. |
||
| 500 | _aDonación de la familia de Luis Nieto | ||
| 505 | _aContenido: Por espíritu de justicia -- Poetas y Bufones -- Apóstoles y farsantes -- El caso del farsante Vasconcelos -- Democracia y Tiranía... | ||
| 650 |
_aJosé Santos Chocano _912483 |
||
| 650 |
_aVasconcelos _912484 |
||
| 650 |
_aPolémica _912485 |
||
| 942 |
_2ddc _cLIBROS |
||
| 945 | _adavv | ||